000 00389nam a2200121Ia 4500
008 220620s9999||||xx |||||||||||||| ||und||
245 0 _aNew Materials
_bTowards a History of Consistency
546 _aEnglish[eng]
650 _aIndustrial materials development
700 _aSlaton, Amy
856 _uhttps://library.oapen.org/bitstream/20.500.12657/42715/1/9781643150147.epub
942 _cEB
999 _c32725
_d32725